Indian Cultural Diplomacy: Celebrating Piuralism in a Globalised World (Record no. 65868)
[ view plain ]
| 000 -LEADER | |
|---|---|
| fixed length control field | 00316nam a22001097a 4500 |
| 082 ## - DEWEY DECIMAL CLASSIFICATION NUMBER | |
| Classification number | 306/SAH |
| 100 ## - MAIN ENTRY--AUTHOR NAME | |
| Personal name | Sahai Paramjit |
| 245 ## - TITLE STATEMENT | |
| Title | Indian Cultural Diplomacy: Celebrating Piuralism in a Globalised World |
| 260 ## - PUBLICATION, DISTRIBUTION, ETC. (IMPRINT) | |
| Place of publication | Delhi |
| Name of publisher | Vij Books India Pvt Ltd |
| Year of publication | 2019 |
| 650 ## - SUBJECT ADDED ENTRY--TOPICAL TERM | |
| Topical Term | Indian Cultural |
| 942 ## - ADDED ENTRY ELEMENTS (KOHA) | |
| Koha item type | Books |
| Withdrawn status | Lost status | Damaged status | Not for loan | Home library | Current library | Date acquired | Cost, normal purchase price | Full call number | Accession Number | Price effective from | Koha item type |
|---|---|---|---|---|---|---|---|---|---|---|---|
| MACL | MACL | 16/02/2023 | 1450.00 | 306/SAH | CRE040203 | 16/02/2023 | Books |









